| 000 | 00204nam a22000737a 4500 | ||
|---|---|---|---|
| 999 |
_c24832 _d24832 |
||
| 003 | Nust | ||
| 005 | 20170525122245.0 | ||
| 008 | 160623b xxu||||| |||| 00| 0 eng d | ||
| 020 | _a9781600868436 | ||
| 040 |
_aDLC _bDLC _cRCMS |
||
| 082 | _a632.74 GUN | ||
| 100 |
_aJay Gundlach _9535 |
||
| 245 | _aDesigning unmanned aircraft systems | ||
| 260 |
_aUSA _bAeronautics ans Astronautics, Inc. _cc2012. |
||
| 300 |
_axiv, 785 p. : _bill, ; _c26 cm. |
||
| 538 | _iShelf # 12, Row # 4, System Engineering. | ||
| 650 |
_aDesigning unmanned aircraft systems _9536 |
||
| 856 | _3Table of Contents Only. | ||
| 942 |
_2ddc _cBK _k632.74 GUN |
||